000
00230nam a22000857a 4500
008
160816b xxu||||| |||| 00| 0 eng d
100
_9
149
_a
Kaur, V
245
_a
How to make Portraits
260
_a
New Delhi
_b
Dreamland publication
_c
2000
999
_c
2805
_d
2805